STANOVENIE POČTU KRVNÝCH PLATNIČIEK PRIAMOU METÓDOU U ZDRAVÝCH DETÍ

Bibliographic Details
Main Authors: Formánek, G. (Author), Birčák, Ján, 1923-2011 (Author), Nikš, Milan, 1927-1979 (Author)
Format: Article
Language:Slovak

MARC

LEADER 00000nab a2200000ua 4500
001 vtls010788158
003 SK-MaSNL
005 20260305001714.0
008 230214s1958 xo |||||||||||||||||slo|
035 |a (urnnbn)urn:nbn:sk:snk:ar-a03al6 
035 |a (uuid)f28bf189-abf5-4301-ab7c-26d4a3d5cdbe 
035 |a urn:nbn:sk:snk-ab56c8 
040 |a SNKBUCL  |b slo  |c SNKBUCL  |e AACR2 
041 0 |a slo 
044 |a xo  |c SK 
100 1 |a Formánek, G.  |4 aut  |9 1141253 
245 1 0 |a STANOVENIE POČTU KRVNÝCH PLATNIČIEK PRIAMOU METÓDOU U ZDRAVÝCH DETÍ  |c G. Formánek, J. Birčák, M. Nikš 
700 1 |a Birčák, Ján,  |d 1923-2011  |4 aut  |9 119082 
700 1 |a Nikš, Milan,  |d 1927-1979  |4 aut  |9 259070 
773 0 |t Bratislavské lekárske listy  |g Roč. 38, č. 1 (1958), s. 38-41 
954 |a odborná, vedecká literatúra pôvodná (slovenská)  |2 lita 
958 |a OND 
958 |a EUIPO 
958 |a article3 
999 |c 3220839  |d 3222769